[Event "15th ch-Euro Seniors +65"]
[Site "Eretria GRE"]
[Date "2015.05.05"]
[Round "7.3"]
[White "Gaprindashvili,N1"]
[Black "Pedersen,JanR"]
[Result "1-0"]
[WhiteElo "2302"]
[BlackElo "2208"]

1.d4 Nf6 2.c4 e6 3.Nf3 b6 4.g3 Bb7 5.Bg2 Be7 6.O-O O-O 7.Nc3 Na6 8.a3 c5
9.d5 exd5 10.cxd5 d6 11.e4 Nc7 12.Bf4 h6 13.Qc2 Re8 14.Rad1 Bf8 15.Rfe1 Qd7
16.h3 a5 17.a4 b5 18.axb5 Nxb5 19.Nxb5 Qxb5 20.Nd2 Ba6 21.Bf1 Qd7 22.Bxa6 Rxa6
23.Kh2 g5 24.Be3 Bg7 25.f3 Rb6 26.Nc4 Rb5 27.Bd2 Reb8 28.Bxa5 g4 29.Bc3 gxf3
30.Qf2 Nh7 31.h4 Qg4 32.Rd3 Rb4 33.Bxb4 Rxb4 34.b3 Nf6 35.Qxf3 Qg6 36.Kh3 Nd7
37.Qf5 Ne5 38.Nxe5 Bxe5 39.Qxg6+ fxg6 40.Kg4 Rb7 41.h5 Kg7 42.Rf1 Rb4 43.Re3 Bd4
44.Ref3 Rb7 45.Rf8 Re7 46.hxg6 Kxg6 47.R8f4 Rb7 48.R4f3 Re7 49.Re1 Ra7 50.Kh3 Re7
51.Re2 Ra7 52.Rc2 Ra1 53.Rc4 Rh1+ 54.Kg2 Rg1+ 55.Kh2 Re1 56.Rf4 h5 57.b4 Be5
58.bxc5 Re2+ 59.Kh3 Re3 60.Kg2 dxc5 61.Rf3 Re1 62.Rxc5 Rxe4 63.Rd3  1-0

[Event "15th ch-Euro Seniors +65"]
[Site "Eretria GRE"]
[Date "2015.05.06"]
[Round "8.2"]
[White "Gaprindashvili,N1"]
[Black "Vasiukov,E"]
[Result "1/2-1/2"]
[WhiteElo "2302"]
[BlackElo "2414"]

1.d4 f5 2.Nf3 g6 3.g3 Nf6 4.Bg2 Bg7 5.O-O O-O 6.d5 c6 7.c4 d6 8.Nd4 c5 9.Nc2 b5
10.cxb5 a6 11.bxa6 Bxa6 12.Nc3 Nbd7 13.Ne3 Ne8 14.Rb1 Nc7 15.Qc2 Qe8 16.b3 Qf7
17.Nc4 Bb7 18.Ne3 Bxc3 19.Qxc3 Nxd5 20.Nxd5 Bxd5 21.Bxd5 Qxd5 22.Bh6 Rf7
23.Rfd1 Qe5 24.Qd2 Nf6 25.f3 d5 26.Bf4 Qe6 27.Rbc1 Qb6 28.Kg2 h5 29.Qc2 Qa6
30.Rd2 Rc8 31.Be5 e6 32.Bxf6 Rxf6 33.Qc3 Rf7 34.Qe5 Kh7 35.Rdc2 Qb6  1/2-1/2

[Event "15th ch-Euro Seniors +65"]
[Site "Eretria GRE"]
[Date "2015.05.07"]
[Round "9.1"]
[White "Kupreichik,V"]
[Black "Gaprindashvili,N1"]
[Result "1-0"]
[WhiteElo "2373"]
[BlackElo "2302"]

1.e4 b6 2.d4 Bb7 3.Bd3 g6 4.Nf3 Bg7 5.O-O e6 6.c4 Ne7 7.Nc3 O-O 8.e5 d5 9.Bg5 h6
10.Bh4 c6 11.Qd2 Nd7 12.cxd5 cxd5 13.Nb5 Ba6 14.Nd6 Bxd3 15.Qxd3 g5 16.Bxg5 hxg5
17.Nxg5 Nf5 18.f4 Bh6 19.Nxf5 exf5 20.Rf3 Bxg5 21.Rg3 Re8 22.Rxg5+ Kf8 23.Qg3 Ke7
24.Qa3+ Nc5 25.dxc5 Ke6 26.Qh3  1-0

[Event "World Senior 65+ w 2015"]
[Site "Acqui Terme ITA"]
[Date "2015.11.10"]
[Round "1.3"]
[White "Khmiadashvili,T"]
[Black "Gaprindashvili,N1"]
[Result "0-1"]
[WhiteElo "2029"]
[BlackElo "2299"]

1.Nf3 g6 2.c4 Bg7 3.Nc3 d6 4.e3 e5 5.d4 Nd7 6.dxe5 Nxe5 7.Nxe5 Bxe5 8.Qb3 Ne7
9.Bd2 O-O 10.O-O-O Rb8 11.Be2 a6 12.f4 Bg7 13.e4 b5 14.cxb5 axb5 15.Qc2 b4
16.Nd5 Nxd5 17.exd5 Bf5 18.Qb3 Be4 19.Bxb4 Qf6 20.Rhf1 Qxb2+ 21.Qxb2 Bxb2+
22.Kxb2 Rxb4+ 23.Kc3 Ra4 24.Rd4 Ra3+ 25.Kb2 Re3 26.Bc4 Rb8+ 27.Bb3 Re2+ 28.Ka3 Bxg2
29.Rc1 Bh3 30.Rxc7 Rxh2 31.Rc6 Rd8 32.Kb4 Re2 33.Rb6 Bf5 34.a4 h5 35.a5 h4
36.a6 h3 37.a7 h2 38.Rd1 Kg7 39.Ba4 Ra8 40.Rb7 Rb2+  0-1

[Event "World Senior 65+ w 2015"]
[Site "Acqui Terme ITA"]
[Date "2015.11.11"]
[Round "2.3"]
[White "Gaprindashvili,N1"]
[Black "Tsifanskaya,L"]
[Result "1-0"]
[WhiteElo "2299"]
[BlackElo "2077"]

1.d4 d5 2.c4 dxc4 3.Nf3 Nf6 4.e3 e6 5.Bxc4 c5 6.O-O a6 7.Bb3 Nc6 8.Qe2 Qc7
9.Nc3 Be7 10.Bd2 O-O 11.Rac1 b6 12.Na4 cxd4 13.Nxd4 Nxd4 14.exd4 Qd6 15.Qf3 Nd5
16.Bxd5 exd5 17.Bf4 Qb4 18.b3 Be6 19.Bc7 Qxd4 20.Nxb6 Rae8 21.Rfd1 Qb2 22.Nxd5 Bxd5
23.Qxd5 Qxa2 24.Re1 Bb4 25.Re5 Rxe5 26.Bxe5 Qe2 27.Bxg7 Bd2 28.Bxf8 Bxc1
29.Bb4 h6 30.Bc3 Qe6 31.Qd8+ Kh7 32.Qd3+ Qg6 33.Qd4 f6 34.Qxf6 Qxf6 35.Bxf6 Kg6
36.Bc3 Kf5 37.Kf1 h5 38.Ke2 Ke4 39.f3+ Kd5 40.g4 hxg4 41.fxg4 Bg5 42.Be1 Ke4
43.h4 Be7 44.Bg3 Bd8 45.g5 Be7 46.Bc7 Bc5 47.Bd8  1-0

[Event "World Senior 65+ w 2015"]
[Site "Acqui Terme ITA"]
[Date "2015.11.12"]
[Round "3.4"]
[White "Kozlovskaya,V"]
[Black "Gaprindashvili,N1"]
[Result "1/2-1/2"]
[WhiteElo "2249"]
[BlackElo "2299"]

1.c4 e5 2.g3 Nc6 3.Bg2 g6 4.Nc3 Bg7 5.Nf3 Nge7 6.O-O d6 7.d3 h6 8.Bd2 O-O
9.Rb1 a5 10.a3 Be6 11.b4 axb4 12.axb4 Qd7 13.e4 Bh3 14.b5 Nd8 15.Nd5 Bxg2
16.Kxg2 Kh7 17.h3 Ne6 18.Nh2 Nxd5 19.cxd5 Nd4 20.b6 c6 21.Be3 cxd5 22.Bxd4 exd4
23.exd5 Rfc8 24.Rb2 Rc3 25.Re1 Raa3 26.Qe2 Qf5 27.Qe4 Rxd3 28.Qxf5 gxf5 29.Re7 Rdb3
30.Rxb3 Rxb3 31.Rxb7 d3 32.Nf3 Rb2 33.Rxf7 Rxb6 34.Re7 Rb5 35.Re1 Rxd5 36.Rd1 Bc3
37.Kf1 Kg6 38.Ne1 Bxe1 39.Kxe1 f4 40.Kd2 Kf5 41.Rb1 fxg3 42.fxg3 Ke4 43.Rf1 Rh5
44.Rf4+ Ke5 45.h4 Rf5 46.Rg4 h5 47.Rg6 Rf3 48.g4 Ke4 49.Re6+ Kd5 50.Rg6 Kc4
51.gxh5 Rf2+ 52.Ke1 Rh2 53.Rxd6 Rxh4 54.h6  1/2-1/2

[Event "World Senior 65+ w 2015"]
[Site "Acqui Terme ITA"]
[Date "2015.11.14"]
[Round "4.2"]
[White "Gaprindashvili,N1"]
[Black "Sorokina,T"]
[Result "1/2-1/2"]
[WhiteElo "2299"]
[BlackElo "2116"]

1.d4 Nf6 2.c4 e6 3.Nc3 d5 4.Nf3 c6 5.Qb3 Bd6 6.g3 Nbd7 7.Bg2 O-O 8.O-O Qe7
9.a4 dxc4 10.Qxc4 e5 11.a5 exd4 12.Nxd4 Ne5 13.Qa4 Bd7 14.Qc2 Rac8 15.Nf5 Bxf5
16.Qxf5 h6 17.Ne4 Nxe4 18.Bxe4 g6 19.Qh3 h5 20.a6 b5 21.Qg2 f5 22.Bc2 Ng4
23.Bd3 Kh7 24.h3 Nf6 25.Be3 Nd5 26.Bd2 Bb4 27.Bf4 Rfe8 28.Rac1 Qe6 29.Rfd1 Bf8
30.Bd2 Bg7 31.Rc2 Bh6 32.Ba5 Nf6 33.Bc3 Ne4 34.Bd4 Re7 35.Bxe4 fxe4 36.Bc5 Rf7
37.g4 Bf4 38.Kh1 h4 39.Rd4 Re8 40.e3 Bb8 41.Rcd2 Qe5 42.b4 Qe6 43.Kg1 Be5
44.Qxe4 Bh2+ 45.Kxh2 Qxe4 46.Rxe4 Rxe4 47.Rd6 Rxf2+ 48.Kg1 Ra2 49.Bd4 Rxa6
50.Kf2 Re7 51.g5 Ra4 52.Rd8 Rg7 53.Bxg7 Kxg7 54.Rd7+ Kf8 55.Rc7 Rxb4 56.Rxc6 a5
57.Rxg6 a4 58.Ra6 Kf7 59.Kf3 a3  1/2-1/2

[Event "World Senior 65+ w 2015"]
[Site "Acqui Terme ITA"]
[Date "2015.11.15"]
[Round "5.5"]
[White "Lebel Arias,J"]
[Black "Gaprindashvili,N1"]
[Result "0-1"]
[WhiteElo "1796"]
[BlackElo "2299"]

1.d4 c5 2.e3 e6 3.Nf3 d5 4.b3 Nc6 5.Bb2 cxd4 6.exd4 Nf6 7.Nbd2 Bd6 8.a3 O-O
9.Bd3 Nh5 10.g3 f5 11.Ne5 Nf6 12.O-O Ne4 13.f4 Nxe5 14.fxe5 Be7 15.Nf3 Bd7
16.c4 Bc6 17.Qe2 Qe8 18.Bc1 Qh5 19.Qg2 Rad8 20.c5 g5 21.Be2 g4 22.Ne1 Nxc5
23.Rb1 Ne4 24.Nd3 Qe8 25.a4 Kg7 26.Nf4 Bb4 27.Bd3 Ng5 28.Be2 Rc8 29.Be3 Kh8
30.h4 Ne4 31.Bd3 Nc3 32.Ra1 a5 33.Kh2 b5 34.axb5 Bxb5 35.Bxb5 Nxb5 36.Rac1 Bc3
37.Ne2 Bb2 38.Rcd1 Rc2 39.Rf2 Qd7 40.Nf4 Rxf2 41.Qxf2 Ba3 42.Qc2 Rc8 43.Qf2 Rc3
44.Rd3 Rc8 45.Ng2 Nc3 46.Qf4 Ne4 47.Qh6 Bf8 48.Qf4 Rc2 49.Bd2 Qb5 50.Qe3 Ra2
51.Kg1 Qc6 52.Ne1 Ra1 53.Kh2 Kg8 54.Bc3 Ra2+ 55.Ng2 h6 56.Qe1 Qb5 57.Re3 Qxb3
58.Qc1 Rc2  0-1

[Event "World Senior 65+ w 2015"]
[Site "Acqui Terme ITA"]
[Date "2015.11.17"]
[Round "6.1"]
[White "Abdikasova,P"]
[Black "Gaprindashvili,N1"]
[Result "0-1"]
[WhiteElo "1980"]
[BlackElo "2299"]

1.d4 g6 2.c4 d6 3.e4 Nd7 4.Nc3 e5 5.d5 Nh6 6.f3 f5 7.Nh3 f4 8.g3 g5 9.Nf2 Nf7
10.g4 Be7 11.Bd2 O-O 12.Nd3 c5 13.a3 a6 14.b4 Qc7 15.Nb2 Kg7 16.h3 Nh8 17.Bd3 Ng6
18.Nba4 Nh4 19.Kf1 b6 20.Be1 Ng6 21.Rh2 Rb8 22.Nb2 Nf6 23.Rc2 h5 24.Be2 Rh8
25.Kg1 hxg4 26.hxg4 Bd7 27.Bf1 Rh6 28.Rh2 Rxh2 29.Kxh2 Rh8+ 30.Kg1 Qc8 31.bxc5 bxc5
32.Nd3 Qg8 33.Ra2 Qh7 34.Bg2 Qh2+ 35.Kf1 Nh4 36.Bxh4 gxh4 37.Nf2 h3 38.Bh1 Nh7
39.Qb3 Bh4 40.Nxh3 Qxh3+ 41.Bg2 Qg3 42.Re2 Bxg4 43.Qb7+ Kg6 44.Qc7 Bxf3 45.Qxd6+ Nf6
46.Bxf3 Qxf3+ 47.Kg1 Bf2+  0-1

[Event "World Senior 65+ w 2015"]
[Site "Acqui Terme ITA"]
[Date "2015.11.18"]
[Round "7.5"]
[White "Gaprindashvili,N1"]
[Black "Kabanova,I"]
[Result "1-0"]
[WhiteElo "2299"]
[BlackElo "1954"]

1.d4 Nf6 2.c4 e6 3.Nf3 d5 4.Nc3 c6 5.Qb3 Bd6 6.g3 Nbd7 7.Bg2 O-O 8.O-O Re8
9.Rd1 Qe7 10.a4 dxc4 11.Qxc4 e5 12.a5 exd4 13.Nxd4 Ne5 14.Qa4 a6 15.Qc2 h6
16.Na4 Be6 17.Nxe6 Qxe6 18.f4 Neg4 19.e4 Nd7 20.h3 Ngf6 21.e5 Nxe5 22.fxe5 Bxe5
23.Ra3 Rad8 24.Rad3 Rxd3 25.Qxd3 Bc7 26.Nc5 Qe7 27.Nxb7 Nd5 28.Bd2 Be5 29.Bxd5 cxd5
30.Qxd5 Rb8 31.Re1 Rxb7 32.Rxe5 Qc7 33.Re8+ Kh7 34.Qd3+ g6 35.Bc3 Qc5+ 36.Qd4 Qxd4+
37.Bxd4 g5 38.g4  1-0

[Event "World Senior 65+ w 2015"]
[Site "Acqui Terme ITA"]
[Date "2015.11.20"]
[Round "8.2"]
[White "Fatalibekova,E"]
[Black "Gaprindashvili,N1"]
[Result "1/2-1/2"]
[WhiteElo "2242"]
[BlackElo "2299"]

1.e4 b6 2.d4 Bb7 3.Bd3 g6 4.Nf3 Bg7 5.c4 e6 6.Nc3 Ne7 7.O-O d6 8.Be3 c5 9.d5 e5
10.Ne1 Nd7 11.a4 O-O 12.Nb5 Nc8 13.Qd2 a6 14.Nc3 Ne7 15.Bh6 Bc8 16.Ra3 Bxh6
17.Qxh6  1/2-1/2

[Event "16th ch-Euro Seniors +65"]
[Site "Yerevan ARM"]
[Date "2016.06.05"]
[Round "1.8"]
[White "Gaprindashvili,N1"]
[Black "Zachariassen,J"]
[Result "1-0"]
[WhiteElo "2299"]
[BlackElo "1956"]

1.d4 g6 2.c4 Bg7 3.Nc3 d6 4.e4 Nd7 5.Be2 c6 6.Nf3 Qc7 7.O-O Ngf6 8.h3 O-O
9.Be3 a6 10.Rc1 Rd8 11.b4 b5 12.cxb5 axb5 13.Nd5 Qb7 14.Nxe7+ Kh8 15.Ng5 Rf8
16.Qb3 d5 17.e5 Ne4 18.Nxe4 dxe4 19.Nxc6 Nb6 20.d5 Nxd5 21.Qxd5  1-0

[Event "16th ch-Euro Seniors +65"]
[Site "Yerevan ARM"]
[Date "2016.06.06"]
[Round "2.8"]
[White "Schouten,N"]
[Black "Gaprindashvili,N1"]
[Result "0-1"]
[WhiteElo "2102"]
[BlackElo "2299"]

1.d4 c5 2.dxc5 e6 3.Nf3 Bxc5 4.e3 Nf6 5.Bd3 d5 6.O-O O-O 7.b3 b6 8.Bb2 Bb7
9.Nbd2 Nbd7 10.Qe2 Ne4 11.c4 Nxd2 12.Nxd2 dxc4 13.Nxc4 Qh4 14.Rad1 Rfd8 15.Bc3 Nf6
16.b4 Nd5 17.Qb2 Nxc3 18.Qxc3 Qg5 19.e4 Bd4 20.Qb3 Qf4 21.Qc2 Rd7 22.Qe2 Rad8
23.Bc2 g6 24.Kh1 Ba6 25.a4 Bxc4 26.Qxc4 Be5  0-1

[Event "16th ch-Euro Seniors +65"]
[Site "Yerevan ARM"]
[Date "2016.06.07"]
[Round "3.1"]
[White "Gaprindashvili,N1"]
[Black "Sveshnikov,E"]
[Result "1/2-1/2"]
[WhiteElo "2299"]
[BlackElo "2509"]

1.d4 d5 2.c4 e6 3.Nf3 Nf6 4.e3 b6 5.cxd5 exd5 6.Bd3 Bb7 7.O-O Bd6 8.b4 O-O
9.Qb3 a5 10.b5 a4 11.Qc2 Nbd7 12.Ba3 Ne4 13.Bxd6 cxd6 14.Nbd2 Qe7 15.Rfc1 Rfe8
16.Nf1 f5 17.Qd1 Ndf6 18.Rc2 Bc8 19.Ne1 Bd7 20.f3 Ng5 21.Re2 g6 22.Nc2 Ne6
23.Rc1 Rec8 24.Qd2 Be8 25.Ree1 Bd7 26.Nb4 Qe8 27.Nc6 Nc7 28.Qb4 Nxb5 29.Bxb5 Bxc6
30.Rxc6 Rxc6 31.Rb1 a3 32.Rb3 Qc8 33.Bxc6 Qxc6  1/2-1/2

[Event "16th ch-Euro Seniors +65"]
[Site "Yerevan ARM"]
[Date "2016.06.08"]
[Round "4.4"]
[White "Vasiukov,E"]
[Black "Gaprindashvili,N1"]
[Result "1/2-1/2"]
[WhiteElo "2403"]
[BlackElo "2299"]

1.e4 g6 2.d4 c6 3.Nf3 d5 4.Nc3 Bg4 5.exd5 cxd5 6.Bb5+ Nc6 7.h3 Bxf3 8.Qxf3 e6
9.Be3 Bg7 10.O-O-O Ne7 11.Kb1 a6 12.Bd3 Nxd4 13.Bxd4 Bxd4 14.Bxg6 hxg6 15.Rxd4 Nf5
16.Rb4 Qe7 17.a3 O-O-O 18.Rd1  1/2-1/2

[Event "16th ch-Euro Seniors +65"]
[Site "Yerevan ARM"]
[Date "2016.06.09"]
[Round "5.4"]
[White "Gaprindashvili,N1"]
[Black "Arakelian,A"]
[Result "1-0"]
[WhiteElo "2299"]
[BlackElo "2158"]

1.d4 Nf6 2.c4 e6 3.Nf3 d5 4.e3 Be7 5.b3 dxc4 6.Bxc4 a6 7.O-O O-O 8.Bb2 Nbd7
9.Nbd2 c5 10.Rc1 b5 11.Be2 Bb7 12.dxc5 Bxc5 13.Nd4 e5 14.Nf5 g6 15.Ng3 Qe7
16.Bf3 Bxf3 17.Qxf3 Ba3 18.Bxa3 Qxa3 19.Nde4 Nxe4 20.Nxe4 f5 21.Ng5 e4 22.Qd1 Nf6
23.Ne6 Rf7 24.Qd4 Qe7 25.Rc6 h6 26.Rfc1 Ne8 27.Nf4  1-0

[Event "16th ch-Euro Seniors +65"]
[Site "Yerevan ARM"]
[Date "2016.06.10"]
[Round "6.4"]
[White "Kupreichik,V"]
[Black "Gaprindashvili,N1"]
[Result "1/2-1/2"]
[WhiteElo "2361"]
[BlackElo "2299"]

1.e4 b6 2.d4 Bb7 3.Bd3 e6 4.Nf3 Ne7 5.h4 d5 6.e5 Ba6 7.Bxa6 Nxa6 8.c4 Qd7
9.Qe2 dxc4 10.Qxc4 Qc6 11.Qxc6+ Nxc6 12.a3 Na5 13.Be3 Nb3 14.Ra2 c5 15.Nbd2 Nc1
16.Ra1 Nd3+ 17.Ke2 Nxb2 18.a4 c4 19.Rhc1 Rc8 20.Rc2 c3 21.Ne4 Bb4 22.Bd2 O-O
23.Bxc3 Bxc3 24.Nxc3 Nc4 25.Rcc1 Nb4 26.Nb5 a6 27.Na7 Rc7 28.Nd2 Rxa7 29.Nxc4 Nd5
30.Ne3 Rd7 31.Rab1 Nf4+ 32.Kf3 Rxd4 33.Rc4 Rxc4 34.Nxc4 Nd5 35.Nxb6 Rb8 36.a5 h5
37.Rb3 Kh7 38.Ke4 Rb7 39.Kd4 Kh6 40.Rb2  1/2-1/2

[Event "16th ch-Euro Seniors +65"]
[Site "Yerevan ARM"]
[Date "2016.06.11"]
[Round "7.3"]
[White "Gaprindashvili,N1"]
[Black "Gruzmann,B"]
[Result "1/2-1/2"]
[WhiteElo "2299"]
[BlackElo "2202"]

1.d4 Nf6 2.c4 g6 3.Nc3 Bg7 4.e4 d6 5.Be2 O-O 6.Bg5 h6 7.Be3 a5 8.Qd2 Kh7
9.f3 e5 10.d5 Nh5 11.g3 f5 12.O-O-O f4 13.Bf2 Na6 14.g4 Nf6 15.h4 Ne8 16.Bd3 Bd7  1/2-1/2

[Event "World Senior 65+ w 2016"]
[Site "Marianske Lazne CZE"]
[Date "2016.11.19"]
[Round "1.1"]
[White "Gaprindashvili,N1"]
[Black "O'Neill,J"]
[Result "1-0"]
[WhiteElo "2311"]
[BlackElo "1774"]

1.d4 g6 2.c4 Bg7 3.e4 d6 4.Nc3 Nd7 5.f4 e6 6.Nf3 Ne7 7.Bd3 a6 8.O-O O-O 9.Be3 b6
10.Qe1 Bb7 11.Rd1 f5 12.Ng5 e5 13.dxe5 Qc8 14.exd6 Nc6 15.exf5 Re8 16.Ne6 cxd6
17.Nxg7 Kxg7 18.Nd5 Qd8 19.Qc3+ Kg8 20.fxg6 h5 21.Bf5 Ne7 22.Be6+  1-0

[Event "World Senior 65+ w 2016"]
[Site "Marianske Lazne CZE"]
[Date "2016.11.21"]
[Round "3.2"]
[White "Gaprindashvili,N1"]
[Black "Modrova,H"]
[Result "1-0"]
[WhiteElo "2311"]
[BlackElo "1842"]

1.d4 Nf6 2.c4 d6 3.Nc3 Bg4 4.f3 Bh5 5.e4 e6 6.Nge2 c6 7.h4 h6 8.g4 Bg6 9.Nf4 Bh7
10.g5 Nfd7 11.g6 e5 12.gxh7 exf4 13.Bxf4 Nf6 14.Qd2 Nbd7 15.e5 dxe5 16.dxe5 Nh5
17.O-O-O Qe7 18.Bh2 Rd8 19.Bh3 Nb6 20.Qxd8+ Qxd8 21.Rxd8+ Kxd8 22.Rd1+ Ke8
23.Ne4 Be7 24.b3 Rxh7 25.a4 a5 26.Bg1 Nf4 27.Bxb6 Nxh3 28.Be3 Bxh4 29.Nd6+ Ke7
30.Nf5+  1-0

[Event "World Senior 65+ w 2016"]
[Site "Marianske Lazne CZE"]
[Date "2016.11.23"]
[Round "4.1"]
[White "Fatalibekova,E"]
[Black "Gaprindashvili,N1"]
[Result "1/2-1/2"]
[WhiteElo "2269"]
[BlackElo "2311"]

1.e4 b6 2.d4 Bb7 3.Bd3 e6 4.c4 f5 5.d5 fxe4 6.Bxe4 Nf6 7.Bg5 Bb4+ 8.Nc3 exd5
9.Bxd5 Bxd5 10.cxd5 Bxc3+ 11.bxc3 O-O 12.Ne2 Na6 13.O-O Qe8 14.c4 Ne4 15.Be3 Nac5
16.Nd4 Nd6 17.Qc2  1/2-1/2

[Event "World Senior 65+ w 2016"]
[Site "Marianske Lazne CZE"]
[Date "2016.11.24"]
[Round "5.2"]
[White "Gaprindashvili,N1"]
[Black "Kuznetsova,L"]
[Result "1-0"]
[WhiteElo "2311"]
[BlackElo "2021"]

1.d4 d5 2.c4 c6 3.Nf3 e6 4.Qc2 f5 5.g3 Bd6 6.Bg2 Nf6 7.O-O O-O 8.Bf4 h6 9.Nbd2 Ne4
10.Bxd6 Qxd6 11.c5 Qd8 12.Ne5 Nxd2 13.Qxd2 Nd7 14.Nd3 Nf6 15.f3 Bd7 16.b4 a6
17.Rab1 Be8 18.a4 Rb8 19.Qe3 Bd7 20.Ne5 Qc8 21.Rb2 Be8 22.Rfb1 Ra8 23.Nd3 Bd7
24.Qe5 Qb8 25.Qe3 Qc8 26.Qe5 Qb8 27.Bf1 Qxe5 28.Nxe5 Rfd8 29.e3 Be8 30.b5 axb5
31.axb5 g5 32.Bd3 Kf8 33.bxc6 bxc6 34.g4 fxg4 35.fxg4 Ra3 36.Rf1 Kg7 37.Rb7+ Nd7
38.Nxc6 Rxd3 39.Nxd8 Rxe3 40.c6  1-0

[Event "World Senior 65+ w 2016"]
[Site "Marianske Lazne CZE"]
[Date "2016.11.26"]
[Round "6.1"]
[White "Gaprindashvili,N1"]
[Black "Sorokina,T"]
[Result "1-0"]
[WhiteElo "2311"]
[BlackElo "2080"]

1.d4 Nf6 2.c4 e6 3.Nc3 d5 4.Nf3 c6 5.Bg5 Be7 6.e3 Nbd7 7.Bd3 h6 8.Bh4 dxc4
9.Bxc4 b5 10.Bd3 Bb7 11.O-O O-O 12.Rc1 Rc8 13.Qe2 a6 14.Rfd1 Re8 15.Bb1 Nf8
16.Bxf6 Bxf6 17.Ne4 Be7 18.Ne5 f6 19.Nd3 Rc7 20.Nec5 Bc8 21.Qh5 Bd6 22.f4 Qe7
23.Ne4 Rd8 24.Nxd6 Rxd6 25.a3 Qf7 26.Qf3 Kh8 27.Ba2 Qe7 28.Rc3 a5 29.Rdc1 Bd7
30.b4 a4 31.Nc5 Be8 32.Bb1 Kg8 33.Qg3 Rd8 34.Be4 Rdc8 35.Nd3 Qd6 36.Qf2 Ng6
37.f5 Ne7 38.fxe6 Qxe6 39.Nc5 Qd6 40.Qf3 g6 41.Bb1 f5 42.Ba2+ Bf7 43.Bxf7+ Kxf7
44.Nd3 Kg7 45.Ne5 Nd5 46.Rc5 Qe6 47.h3 Ne7 48.Kh2 Qd6 49.Qg3 g5 50.Qf3 Qe6
51.Kh1 Nd5 52.e4 fxe4 53.Qxe4 Ne7 54.Rf1 Nd5 55.Qf3 Nf4 56.Rfc1 Nd5 57.Qg3 Nf4
58.Re1 Re7 59.h4 Qf6 60.Qg4 Rcc7 61.Rf1 Kh7 62.g3 h5 63.hxg5 hxg4 64.gxf6  1-0

[Event "World Senior 65+ w 2016"]
[Site "Marianske Lazne CZE"]
[Date "2016.11.27"]
[Round "7.1"]
[White "Ristoja,Aulikki"]
[Black "Gaprindashvili,N1"]
[Result "0-1"]
[WhiteElo "1670"]
[BlackElo "2311"]

1.d4 g6 2.c4 d6 3.Nc3 Nd7 4.e4 e5 5.Be3 Nh6 6.f3 f5 7.Qd2 f4 8.Bf2 Nf7 9.g3 Bh6
10.g4 Bg7 11.h4 c6 12.O-O-O h6 13.h5 g5 14.Kb1 exd4 15.Bxd4 Bxd4 16.Qxd4 Nde5
17.c5 dxc5 18.Qxc5 Qe7 19.Qxe7+ Kxe7 20.Rh2 Be6 21.Kc2 Rhd8 22.Rxd8 Rxd8
23.Rd2 Nd6 24.b3 b5 25.Be2 a5 26.Nh3 a4 27.Nf2 axb3+ 28.axb3 Ra8 29.Nd3 Nxd3
30.Bxd3 Nf7 31.Kb2 Rd8 32.Rd1 Ne5 33.Be2 Rxd1 34.Bxd1 Kd6 35.Be2 Kc5 36.Na2 Kd4
37.Nb4 Ke3 38.Nc2+ Kxe2 39.Nd4+ Ke3 40.Nxe6 Kxf3  0-1

[Event "World Senior 65+ w 2016"]
[Site "Marianske Lazne CZE"]
[Date "2016.11.29"]
[Round "8.1"]
[White "Tsifanskaya,L"]
[Black "Gaprindashvili,N1"]
[Result "0-1"]
[WhiteElo "2104"]
[BlackElo "2311"]

1.e4 g6 2.d4 c6 3.Nc3 d5 4.Nf3 Bg4 5.Be2 Bg7 6.Be3 e6 7.h3 Bxf3 8.Bxf3 Ne7
9.Qd2 Nd7 10.O-O O-O 11.Rad1 Re8 12.Bh6 a6 13.Bg4 b5 14.e5 c5 15.Bxg7 Kxg7
16.dxc5 Nxe5 17.Qf4 Qb8 18.b4 N7c6 19.a3 Nc4 20.Qc1 a5 21.Qa1 Kg8 22.Nxd5 exd5
23.Bd7 Rc8 24.Bxc6 Rxc6 25.bxa5 Rxc5 26.Rfe1 Qc7 27.Qf6 Rc6 28.Qd4 Rd6 29.a6 Rdd8
30.Rd3 Rxa6 31.Qh4 Re6 32.Rxe6 fxe6 33.Qf6 Re8 34.Rg3 Qf7  0-1

[Event "World Senior 65+ w 2016"]
[Site "Marianske Lazne CZE"]
[Date "2016.11.30"]
[Round "9.1"]
[White "Gaprindashvili,N1"]
[Black "Florea,Do"]
[Result "1-0"]
[WhiteElo "2311"]
[BlackElo "1769"]

1.d4 Nf6 2.c4 e6 3.Nf3 d5 4.Bg5 Be7 5.Nc3 c6 6.e3 O-O 7.Qc2 Nbd7 8.a3 h6
9.Bh4 Re8 10.Rd1 dxc4 11.Bxc4 Nb6 12.Ba2 Nfd5 13.Bg3 Nxc3 14.Qxc3 Nd5 15.Qc2 Nf6
16.O-O Bd7 17.Bb1 Rc8 18.Ne5 c5 19.dxc5 Rxc5 20.Nxd7 Qxd7 21.Rxd7 Rxc2 22.Rxe7 Rxb2
23.Rxe8+ Nxe8 24.Be4 b6 25.Rc1 f5 26.Bb1 Kf7 27.Bc2 b5 28.a4 b4 29.Be5 Ra2
30.Bb3 Rd2 31.Bd4 Rd3 32.Rb1 Nf6 33.Bxa7 Ne4 34.Bc2 Rd7 35.Bxe4 Rxa7 36.Bc6 Rc7
37.Bb5 b3 38.Rxb3 Rc1+ 39.Bf1 Ra1 40.Rb7+ Kf6 41.Ra7 g5 42.a5 Ke5 43.a6 Kd6
44.Rh7 g4 45.Rxh6  1-0

[Event "Jurmala Festival Match"]
[Site "Jurmala LAT"]
[Date "2017.03.25"]
[Round "2"]
[White "Sveshnikov,E"]
[Black "Gaprindashvili,N1"]
[Result "1/2-1/2"]
[WhiteElo "2493"]
[BlackElo "2316"]

1.e4 c6 2.d4 g6 3.c4 d5 4.e5 h5 5.Nc3 Bf5 6.cxd5 cxd5 7.Qb3 Nc6 8.Nf3 Rb8
9.Qxd5 Qxd5 10.Nxd5 Be4 11.Nc7+ Kd7 12.Nb5 Bxf3 13.gxf3 a6 14.d5 Nxe5 15.f4 Ng4
16.Nc3 N8h6 17.Bg2 Nf5 18.O-O Bg7 19.Bd2 Rhc8 20.Rac1 Ke8 21.Rfe1 Bd4 22.Re2 Kf8
23.Rce1 b5 24.Be4 Nd6 25.Bd3 Rb7 26.Ne4 Nf5 27.Bb4 Nh4 28.Ng5 Bf6 29.d6 Bxg5
30.fxg5 Nf3+ 31.Kf1 Nxe1 32.dxe7+ Ke8 33.Rxe1 Rd7 34.Be2 Ne5 35.f4 Nd3 36.Bxd3 Rxd3
37.Re2 Rd4 38.Bc3 Rxf4+ 39.Ke1 Rxc3 40.bxc3 Rc4 41.Kd2 Rc7 42.Re4 Rxe7 43.Rb4 Kd7
44.a4 Kc6 45.axb5+ axb5 46.c4 bxc4 47.Rxc4+ Kd5 48.Rf4 Ke5 49.Ke3 Ra7 50.Rf6 Ra3+
51.Kf2 Ra7 52.h4 Ra4 53.Kg3 Rg4+ 54.Kh3 Rf4 55.Ra6 Rf3+ 56.Kg2 Rd3 57.Rf6 Rd4
58.Kg3 Rg4+ 59.Kh3 Rf4 60.Ra6 f6 61.gxf6 Rxf6 62.Ra5+ Kf4 63.Rg5 Ra6 64.Rg3 Kf5
65.Rg5+ Kf6 66.Rb5 Ra3+ 67.Kg2 Ra4 68.Kg3 Rg4+ 69.Kh3 Re4 70.Rg5 Re5 71.Rg3 Rb5
72.Rf3+ Rf5 73.Rg3 Kg7 74.Ra3 Kh6 75.Ra7 Rf3+ 76.Kg2 Rb3 77.Rc7  1/2-1/2

[Event "Jurmala Festival Match"]
[Site "Jurmala LAT"]
[Date "2017.03.26"]
[Round "4"]
[White "Sveshnikov,E"]
[Black "Gaprindashvili,N1"]
[Result "1/2-1/2"]
[WhiteElo "2493"]
[BlackElo "2316"]

1.e4 b6 2.d4 Bb7 3.Bd3 e6 4.Nf3 d6 5.O-O Nd7 6.Re1 g6 7.Bg5 Ne7 8.Nbd2 h6
9.Bh4 Bg7 10.c3 O-O 11.Nc4 Nf6 12.e5 Nh5 13.a4 Qd7 14.a5 Nd5 15.Bg3 Ndf4
16.Bf1 b5 17.a6 Bxf3 18.Qxf3 bxc4 19.Bxf4 Nxf4 20.Qxf4 d5 21.b3 cxb3 22.Reb1 Rab8
23.Ra3 Rb6 24.Raxb3 Rfb8 25.Rxb6 cxb6 26.Bb5 Qe7 27.Rb3 Rc8 28.h4 Rc7  1/2-1/2

[Event "17th ch-Euro Seniors +65"]
[Site "Sabadell ESP"]
[Date "2017.08.12"]
[Round "1.4"]
[White "Gaprindashvili,N1"]
[Black "Ilyes,Peter"]
[Result "1/2-1/2"]
[WhiteElo "2316"]
[BlackElo "1996"]

1.d4 Nf6 2.c4 g6 3.Nc3 Bg7 4.e4 d6 5.Be2 O-O 6.Bg5 h6 7.Be3 Nbd7 8.Qd2 Kh7
9.f3 e5 10.d5 Nh5 11.g3 a5 12.Bd3 b6 13.Nge2 Nc5 14.Bc2 f5 15.O-O-O fxe4
16.fxe4 Bh3 17.Ng1 Bg4 18.Re1 Qf6 19.Qg2 Rf7 20.h3 Bd7 21.Kd2 g5 22.Bd1 Qg6
23.Nge2 Raf8 24.Ref1 Nf6 25.Bc2 a4 26.g4 a3 27.b4 Na6 28.Rb1 Kg8 29.Ng3 h5
30.Nf5 h4 31.Bd3 Ra8 32.Rb3 Nb8 33.Nb1 Nh7 34.Rxa3 Rxa3 35.Nxa3 Qf6 36.Nb1 Nf8
37.Rf1 Qd8 38.Qf3 Kh8 39.Qe2 Bf6 40.Nc3 Ng6 41.Kc2 Nf4 42.Qf3 Be8 43.Rb1 c5
44.Bf1 Ra7 45.b5 Be7 46.a4 Qd7 47.Qf2 Bg6 48.Ra1 Ra5 49.Qe1 Qa7 50.Kb3 Bf8
51.Bd2 Nd7 52.Nd1 Kg8 53.Nf2 Qa8 54.Nd3 Ra7 55.Bc3 Qe8 56.Bb2 Nf6 57.Nxf4 Bxf5
58.gxf5 gxf4 59.Qxh4 Nxe4 60.Bd3 Rh7 61.Rg1+ Ng3 62.Rxg3+ fxg3 63.Qxg3+ Rg7
64.Qf3 Rg5 65.f6 Qh5 66.Qxh5 Rxh5 67.a5 Kf7 68.axb6 Rh8 69.Bf5 Bh6 70.b7 Rb8
71.Bc8 Bd2 72.Bc3 Bxc3 73.Kxc3 Kxf6 74.Kd3 Kg5 75.Ke4 Kh5 76.Kf3 Kh4 77.b6 Kg5
78.Kg3 Kh5 79.Kf3 Kg5 80.Ke3 Kh4 81.Kd3 Kg5 82.Ke4 Kg6 83.Kf3 Kh5 84.Kg3 Kg5
85.h4+ Kh6 86.Kg4 Kg6 87.h5+ Kf6 88.Kh4 Kf7 89.Kg5 Kg7 90.h6+ Kh7 91.Kh5 Kh8
92.Kg5 Kh7 93.Kh5 Kh8 94.Kg4 Kh7 95.Kg5 Kh8 96.Kf6 e4 97.Ke7 e3 98.Bg4 Rxb7+
99.Kxd6 Rxb6+ 100.Kxc5 Rg6 101.Bf3 Rf6 102.Bg4 Rf4  1/2-1/2

[Event "17th ch-Euro Seniors +65"]
[Site "Sabadell ESP"]
[Date "2017.08.14"]
[Round "3.6"]
[White "Gaprindashvili,N1"]
[Black "Zhelesny,S"]
[Result "1-0"]
[WhiteElo "2316"]
[BlackElo "2028"]

1.d4 Nf6 2.c4 g6 3.Nc3 d5 4.cxd5 Nxd5 5.e4 Nb6 6.Nf3 Bg7 7.Be2 O-O 8.O-O Bg4
9.Be3 Nc6 10.d5 Bxf3 11.Bxf3 Ne5 12.Be2 Nec4 13.Bc1 c5 14.Qc2 Nd6 15.Bf4 Rc8
16.Rad1 f5 17.e5 Nf7 18.e6 Nd6 19.Rfe1 a6 20.Bf3 Nbc4 21.Qc1 b5 22.b3 Nb6
23.Re2 b4 24.Nb1 c4 25.bxc4 Nbxc4 26.Rc2 Ne5 27.Be2 Qb6 28.Nd2 Rxc2 29.Qxc2 Rc8
30.Qa4 a5 31.Nb3 Ne4 32.Be3 Qd8 33.Qxa5 Nc3 34.Bb6 Nxe2+ 35.Kf1 Nc4 36.Bxd8 Nxa5
37.Bxa5 Nc3 38.Rd2 Rb8 39.Bc7 Rc8 40.Bb6 Ne4 41.Re2 Nd6 42.Bc5 Bc3 43.Bxd6 exd6
44.Rc2 Rc4 45.f3 Kf8 46.Ke2 Ke7 47.Kd3  1-0